书目信息 |
| 题名: |
中国政治体制改革的心声
|
|
| 作者: | 高放 著 | |
| 分册: | ||
| 出版信息: | 重庆 重庆出版社 2006.04 |
|
| 页数: | 358页, [1] 叶图版 | |
| 开本: | 23cm | |
| 丛书名: | ||
| 单 册: | ||
| 中图分类: | D6 | |
| 科图分类: | ||
| 主题词: | 政治体制改革--zheng zhi ti zhi gai ge--研究--中国 | |
| 电子资源: | ||
| ISBN: | 7-5366-7695-6 | |
| 000 | 00880nam0 2200241 450 | |
| 001 | 012007780241 | |
| 005 | 20071108082659.96 | |
| 010 | @a7-5366-7695-6@dCNY35.00 | |
| 100 | @a20071107d2006 km y0chiy0120 ea | |
| 101 | 0 | @achi |
| 102 | @aCN@b500000 | |
| 105 | @acfh a 000yy | |
| 106 | @ar | |
| 200 | 1 | @a中国政治体制改革的心声@Azhong guo zheng zhi ti zhi gai ge de xin sheng@f高放著@Fgao fang zhu |
| 210 | @a重庆@c重庆出版社@d2006.04 | |
| 215 | @a358页, [1] 叶图版@c肖像, 摹真@d23cm | |
| 320 | @a有书目。 | |
| 330 | @a本书阐述了政治体制改革需思考的若干问题,并给出了独到的见解和合理性的建议,如:关于人民代表大会制度的完善、关于不设国家主席、关于政治协商会议、关于党的代表大会年会制和常任制等。 | |
| 606 | 0 | @a政治体制改革@Azheng zhi ti zhi gai ge@x研究@y中国 |
| 690 | @aD6@v4 | |
| 701 | 0 | @a高放@Agao fang@4著 |
| 801 | 0 | @aCN@b@c20071108 |
| 905 | @b265361-63@dD6@eG122@f3 | |
| 中国政治体制改革的心声/高放著.-重庆:重庆出版社,2006.04 |
| 358页, [1] 叶图版:肖像, 摹真;23cm |
| ISBN 7-5366-7695-6:CNY35.00 |
| 本书阐述了政治体制改革需思考的若干问题,并给出了独到的见解和合理性的建议,如:关于人民代表大会制度的完善、关于不设国家主席、关于政治协商会议、关于党的代表大会年会制和常任制等。 |
| ● |
| 相关链接 |
|
|
|
正题名:中国政治体制改革的心声
索取号:D6/G122
 
预约/预借
| 序号 | 登录号 | 条形码 | 馆藏地/架位号 | 状态 | 备注 |
| 1 | 265361 | 202653618 | 法学院资料室/ [索取号:D6/G122] | 在馆 | |
| 2 | 265362 | 202653627 | 社科库509/509社科库 71排6列5层/ [索取号:D6/G122] | 在馆 | |
| 3 | 265363 | 202653636 | 社科库509/509社科库 71排6列5层/ [索取号:D6/G122] | 在馆 |